000 00592nam a2200205Ii 4500
003 JO-AjNU
008 230606s9999||||xx |||||||||||||| ||und||
020 _a0-435-27007-10
040 _aJO-AjNU
_beng
_erda
_cJO-AjNU
041 _aeng
050 1 4 _aPS3537.T3234.P4 1981
100 3 _aSTEINBECK,JOHN , Retold by M.J.PAINE,
_eauthor
_93665
245 0 4 _aThe Pear
264 3 1 _aLONDON: HEINEMANN EDUCATIONAL BOOK, 1981
300 _a72P
336 _atext
_btxt
_2rdacontent
337 _aunmediated
_bn
_2rdamedia
338 _avolume
_bnc
_2rdacarrier
650 4 _aThe Pear - Story
_93666
999 _aE1911
_c1911
_d1911